Estadísticas para Catalanohablantes por el mundo - 10 países con más catalanohablantes

Haz click aquí para intentar la prueba.

Estadísticas generales

  • Esta prueba ha sido intentada 95 veces
  • La puntuación promedio es 8 de 10

Estadísticas de respuestas

Número de catalanohablantesPaís% Correcto
8.462.000España
99%
125.000Francia
97%
17.000Italia
93%
79.800Andorra
91%
198.000Argentina
89%
2.000Estados Unidos
86%
64.000Mexico
85%
48.000Alemania
80%
5.500Venezuela
53%
3.600Cuba
46%

Distribución de puntuación

Porcentaje por número respondido

Porcentaje de gente con cada puntuación

Historial de tus puntuaciones

No has intentado esta prueba.